Science Quiz

Random Science or Clickable Quiz

Murderous Multiplication Mines Quiz Stats

 Plays Quiz Updated Aug 19, 2013

Support Sporcle.
Go Orange.
Score 0/78 Timer 04:00
0 Plays Today
% Correct
???
64%
???
62.7%
???
59.1%
???
57.7%
???
57.2%
???
57.2%
???
57%
???
56.7%
???
56.7%
???
56.7%
???
56.3%
???
56.2%
???
55.5%
???
55.4%
???
55.4%
???
55.4%
???
55.3%
???
55.3%
???
55.3%
???
55.2%
???
55.2%
???
55.1%
???
55.1%
???
55.1%
???
55.1%
???
55.1%
???
55.1%
???
55.1%
???
55.1%
???
55%
???
55%
???
55%
???
55%
???
54.9%
???
54.9%
???
54.9%
???
54.9%
???
54.7%
???
54.7%
% Correct
???
54.7%
???
54.7%
???
54.7%
???
54.6%
???
54.5%
???
54.4%
???
54.4%
???
54.4%
???
54.3%
???
54.2%
???
54.1%
???
54.1%
???
54%
???
53.9%
???
53.9%
???
53.7%
???
53.6%
???
53.3%
???
53.2%
???
53.2%
???
53%
???
53%
???
53%
???
52.9%
???
52.6%
???
52.5%
???
52.3%
???
52%
???
51.9%
???
51.5%
???
51.5%
???
51.3%
???
51.1%
???
50.7%
???
50.7%
???
49.9%
???
48.9%
???
48.2%
???
45.6%

You're not logged in!

Compare scores with friends on all Sporcle quizzes.
OR
Log In
Forgot?

From the Vault

Figure Out the Disney Lyrics VIII

by savvy6388

Music 8m
Let's see how quickly you come up with this classic Disney song.
Remove Ads.
Support Sporcle.
Get the best of Sporcle when you Go Orange. This ad-free experience offers more features, more stats, and more fun while also helping to support Sporcle. Thank you for becoming a member.

Show Comments

Extras

Top Quizzes Today


Score Distribution

Your Account Isn't Verified!

In order to create a playlist on Sporcle, you need to verify the email address you used during registration. Go to your Sporcle Settings to finish the process.

Report this User

Report this user for behavior that violates our Community Guidelines.

Details: